[Event "World Blitz Women 2017"]
[Site "Riyadh KSA"]
[Date "2017.12.30"]
[Round "12.36"]
[White "Li, Ruofan"]
[Black "Vijayalakshmi, Subbaraman"]
[Result "1-0"]
[WhiteTitle "IM"]
[BlackTitle "IM"]
[WhiteElo "2351"]
[BlackElo "2357"]
[WhiteFideId "8600643"]
[BlackFideId "5004098"]
[EventDate "2017.12.29"]

1. d4 Nf6 2. c4 e6 3. Nc3 Bb4 4. e3 O-O 5. Ne2 d5 6. a3 Be7 7. Nf4 b6 8. cxd5
exd5 9. Bd3 c5 10. O-O Bb7 11. b3 Na6 12. Bb2 Nc7 13. Rc1 Ne6 14. Nxe6 fxe6 15.
dxc5 bxc5 16. Na4 Rc8 17. Qe2 Bd6 18. h3 Qe7 19. Rfd1 e5 20. e4 Nxe4 21. Bxe4
dxe4 22. Nc3 c4 23. b4 Bc7 24. Nxe4 Bb6 25. Rxc4 Ba6 26. Nc5 Bxc5 27. bxc5 Bxc4
28. Qxc4+ Kh8 29. Rc1 Qf6 30. Qe2 Rfe8 31. f3 Qe6 32. Qe4 Qc6 33. Qe3 Re6 34.
Qd3 Rg6 35. Bxe5 h6 36. Rc4 Re6 37. f4 Qb5 38. Qc2 Rec6 39. Bd4 Qa5 40. Qb2 Qe1+
41. Kh2 Qe7 42. Qc3 Qf7 43. Be5 Qe7 44. Qe3 Rxc5 45. Rxc5 Qxc5 46. Bd4 Qc7 47.
Qg3 a6 48. Be5 Qd7 49. Qg6 Rc6 50. Qe4 1-0

[Event "World Blitz Women 2017"]
[Site "Riyadh KSA"]
[Date "2017.12.30"]
[Round "12.37"]
[White "Szczepkowska, Karina"]
[Black "Nakhbayeva, Guliskhan"]
[Result "1-0"]
[WhiteTitle "IM"]
[BlackTitle "WGM"]
[WhiteElo "2419"]
[BlackElo "2314"]
[WhiteFideId "1122681"]
[BlackFideId "13704788"]
[EventDate "2017.12.29"]

1. d4 Nf6 2. c4 e6 3. Nf3 Bb4+ 4. Bd2 Qe7 5. g3 Bxd2+ 6. Nbxd2 d6 7. Bg2 e5 8.
Nf1 e4 9. N3d2 c6 10. Ne3 d5 11. O-O O-O 12. Rc1 Be6 13. cxd5 cxd5 14. Nb3 Nc6
15. Qd2 Rfc8 16. Rc3 Rc7 17. Rfc1 Rac8 18. Nc5 h5 19. a3 Nd8 20. b4 g6 21. Nb3
Kg7 22. Nc5 h4 23. b5 hxg3 24. hxg3 Ne8 25. Nxe6+ Qxe6 26. Rxc7 Rxc7 27. Rxc7
Nxc7 28. Qb4 Qb6 29. Qe7 Nde6 30. Bh3 Qxb5 31. Ng4 Qe8 32. Qf6+ Kh7 33. Qh4+ Kg8
34. Nf6+ Kg7 35. Nxe8+ Nxe8 36. Bxe6 fxe6 37. Qe7+ 1-0

[Event "World Blitz Women 2017"]
[Site "Riyadh KSA"]
[Date "2017.12.30"]
[Round "12.38"]
[White "Gara, Anita"]
[Black "Zozulia, Anna"]
[Result "1-0"]
[WhiteTitle "IM"]
[BlackTitle "IM"]
[WhiteElo "2367"]
[BlackElo "2316"]
[WhiteFideId "709751"]
[BlackFideId "14102110"]
[EventDate "2017.12.29"]

1. e4 c5 2. Nf3 a6 3. c3 d6 4. d4 Nf6 5. Bd3 g6 6. h3 Bg7 7. O-O O-O 8. Re1 Nc6
9. d5 Ne5 10. Nxe5 dxe5 11. c4 Nh5 12. Nc3 Nf4 13. Bf1 Qd6 14. Be3 Bd7 15. a3
Rab8 16. b4 b6 17. Rb1 Rfc8 18. Na4 Bxa4 19. Qxa4 e6 20. g3 Nh5 21. Qxa6 exd5
22. bxc5 Qe7 23. cxd5 bxc5 24. d6 Qd7 25. Rxb8 Rxb8 26. Bxc5 Bf6 27. Kh2 Bd8 28.
a4 Rb2 29. Qa7 Qe6 30. Qa8 Qf6 31. Re2 Rb1 32. Kg2 Nxg3 33. Kxg3 Rxf1 34. Kg2
Rc1 35. Re3 Rxc5 36. Rf3 Qxd6 37. a5 Rc2 38. a6 Kg7 39. a7 Ra2 40. Qb8 Qa6 41.
Qxd8 Qxa7 42. Qf6+ Kg8 43. Rd3 Qa8 44. Rd8+ Qxd8 45. Qxd8+ Kg7 46. Qd5 f6 47.
Qxa2 1-0

[Event "World Blitz Women 2017"]
[Site "Riyadh KSA"]
[Date "2017.12.30"]
[Round "12.39"]
[White "Gu, Xiaobing"]
[Black "Badelka, Olga"]
[Result "0-1"]
[WhiteTitle "WGM"]
[BlackTitle "WIM"]
[WhiteElo "2332"]
[BlackElo "2388"]
[WhiteFideId "8602611"]
[BlackFideId "13509926"]
[EventDate "2017.12.29"]

1. e4 c5 2. Nf3 Nc6 3. Bb5 e6 4. Bxc6 bxc6 5. b3 Ne7 6. Bb2 d6 7. O-O e5 8. d3
Ng6 9. h3 Be7 10. Nc3 O-O 11. Ne2 f5 12. Nh2 d5 13. exf5 Bxf5 14. Ng3 Be6 15.
Qh5 Bd6 16. Bc1 Nf4 17. Bxf4 exf4 18. Ne2 Qf6 19. Rae1 Rae8 20. Qf3 Qb2 21. Rc1
Bf5 22. Rfe1 Qf6 23. Rcd1 Bd7 24. d4 cxd4 25. Nxd4 Rxe1+ 26. Rxe1 Qxd4 27. c4
Bf5 28. cxd5 Qxd5 29. Qc3 a5 30. Nf3 Bb4 31. Qe5 Bxe1 32. Qxe1 Be4 33. Nd2 Bxg2
34. h4 Bh1 35. Qf1 Be4 36. f3 Qxd2 37. fxe4 f3 38. Qc4+ Kh8 0-1

[Event "World Blitz Women 2017"]
[Site "Riyadh KSA"]
[Date "2017.12.30"]
[Round "12.40"]
[White "Bivol, Alina"]
[Black "Atalik, Ekaterina"]
[Result "0-1"]
[WhiteTitle "WGM"]
[BlackTitle "IM"]
[WhiteElo "2356"]
[BlackElo "2451"]
[WhiteFideId "4100123"]
[BlackFideId "4130189"]
[EventDate "2017.12.29"]

1. Nf3 Nf6 2. g3 d5 3. Bg2 c6 4. O-O g6 5. b3 Bg7 6. Bb2 O-O 7. c4 Nbd7 8. d4
dxc4 9. bxc4 Nb6 10. Nbd2 Bf5 11. Rc1 Ne4 12. Nb3 c5 13. Nh4 Rc8 14. g4 Bxg4 15.
Bxe4 e5 16. Ng2 cxd4 17. c5 Nd5 18. Bxd5 Qxd5 19. Ba3 Bh3 20. f3 Rfe8 21. Qd3
Bf5 22. Qc4 Qxc4 23. Rxc4 d3 24. Re1 dxe2 25. Nc1 e4 26. fxe4 Bxe4 27. Rxe2 Bd5
28. Rxe8+ Rxe8 29. Rc2 Bd4+ 30. Kf1 Re5 31. Ne2 Rf5+ 32. Ke1 Bf2+ 33. Kd2 Bxg2
34. Rc3 Rd5+ 35. Kc1 g5 36. Bb2 f5 37. c6 bxc6 38. Rxc6 Rd1+ 39. Kxd1 Bxc6 40.
Nd4 Bd7 41. Ke2 Bg1 42. Nf3 Bc5 43. Nxg5 h6 44. Nf3 Bb5+ 45. Kd2 Kf7 46. Ne5+
Ke6 47. h4 f4 48. Nf3 Be3+ 49. Ke1 Kf5 50. Ne5 Ke4 51. Ng4 f3 52. h5 Bb6 53.
Nf2+ Kf5 54. Bc1 Ba5+ 55. Kd1 Be2+ 56. Kc2 Bb6 57. Nh3 0-1

[Event "World Blitz Women 2017"]
[Site "Riyadh KSA"]
[Date "2017.12.30"]
[Round "12.41"]
[White "Hoolt, Sarah"]
[Black "Papp, Petra"]
[Result "1-0"]
[WhiteTitle "WGM"]
[BlackTitle "WGM"]
[WhiteElo "2405"]
[BlackElo "2313"]
[WhiteFideId "24606812"]
[BlackFideId "739049"]
[EventDate "2017.12.29"]

1. e4 e6 2. d4 d5 3. e5 c5 4. c3 Nc6 5. Nf3 Qb6 6. a3 c4 7. Nbd2 Na5 8. Rb1 Bd7
9. Be2 Qc7 10. O-O Ne7 11. Qc2 h6 12. a4 Nc8 13. Ra1 Nb6 14. Bd1 Be7 15. Re1
O-O-O 16. b4 cxb3 17. Nxb3 Nxb3 18. Qxb3 Nc4 19. Nd2 g5 20. Be2 Nxd2 21. Bxd2
Kb8 22. Reb1 f5 23. exf6 Bd6 24. g3 Rhf8 25. c4 dxc4 26. Bxc4 Rxf6 27. Be3 Bc6
28. Bxe6 Bf3 29. Rb2 Re8 30. Bd5 Bxd5 31. Qxd5 Rd8 32. Qb3 Rf7 33. Rc1 Qe7 34.
d5 Rdf8 35. Rcb1 Qd7 36. a5 g4 37. Qc4 Qd8 38. Qa6 Qd7 39. Qxa7+ Kc8 40. Qa8+
Bb8 41. Rc1+ Kd8 42. Qxb8+ Ke7 43. Qe5+ Kd8 44. Bb6+ 1-0

[Event "World Blitz Women 2017"]
[Site "Riyadh KSA"]
[Date "2017.12.30"]
[Round "12.42"]
[White "Mamedjarova, Zeinab"]
[Black "Ovod, Evgenija"]
[Result "0-1"]
[WhiteTitle "WGM"]
[BlackTitle "IM"]
[WhiteElo "2363"]
[BlackElo "2364"]
[WhiteFideId "13401521"]
[BlackFideId "4131827"]
[EventDate "2017.12.29"]

1. d4 Nf6 2. Nf3 c5 3. e3 d5 4. Be2 Nc6 5. O-O Bf5 6. b3 e6 7. Bb2 h6 8. Nbd2
Bd6 9. dxc5 Bxc5 10. c4 O-O 11. cxd5 exd5 12. a3 Rc8 13. b4 Bb6 14. Nb3 Bg6 15.
Nfd4 Ne4 16. Rc1 Qe7 17. Bg4 f5 18. Be2 Ne5 19. Nb5 Rcd8 20. Bd4 Bxd4 21. Qxd4
Nc6 22. Qb2 f4 23. Bf3 fxe3 24. fxe3 a6 25. N5d4 Ne5 26. Qe2 Nc4 27. Bxe4 Bxe4
28. Nd2 Nxa3 29. Nxe4 Qxe4 30. Rxf8+ Rxf8 31. Nb3 Nc4 32. Re1 Re8 33. Nc5 Qxe3+
34. Qxe3 Rxe3 35. Rxe3 Nxe3 36. Nxb7 Nc2 37. Nd6 Nxb4 38. Kf2 d4 39. Kf3 d3 40.
Ke3 a5 41. Nc4 a4 42. Kd4 a3 43. Kc3 a2 44. Kb2 Kf7 45. Ne5+ Ke6 46. Nf3 Kd5 47.
Nd2 Kd4 48. h4 Ke3 49. Nc4+ Ke2 50. g4 d2 0-1

[Event "World Blitz Women 2017"]
[Site "Riyadh KSA"]
[Date "2017.12.30"]
[Round "12.43"]
[White "Arakhamia-Grant, Ketevan"]
[Black "Sedina, Elena"]
[Result "1-0"]
[WhiteTitle "GM"]
[BlackTitle "IM"]
[WhiteElo "2350"]
[BlackElo "2312"]
[WhiteFideId "13600168"]
[BlackFideId "812153"]
[EventDate "2017.12.29"]

1. e4 e6 2. d3 d5 3. Nd2 Nf6 4. Ngf3 c5 5. g3 g6 6. Bg2 Bg7 7. O-O O-O 8. Re1
Nc6 9. Qe2 b6 10. Nf1 a5 11. e5 Nd7 12. Bf4 h6 13. h4 f6 14. exf6 Rxf6 15. N1h2
e5 16. Bd2 Nf8 17. Nxe5 Nxe5 18. Qxe5 Rf5 19. Qe8 Qxe8 20. Rxe8 Bb7 21. Rxa8
Bxa8 22. c3 Re5 23. Kf1 h5 24. Nf3 Re8 25. Re1 Rd8 26. Re7 Bf6 27. Ra7 Bc6 28.
Bf4 Bb5 29. Ke2 Re8+ 30. Kd2 Nd7 31. Ng5 Bc6 32. c4 Bxb2 33. cxd5 Ba4 34. d6 Ba3
35. Bd5+ Kh8 36. Nf7+ Kg8 1-0

[Event "World Blitz Women 2017"]
[Site "Riyadh KSA"]
[Date "2017.12.30"]
[Round "12.44"]
[White "Karavade, Eesha"]
[Black "Galojan, Lilit"]
[Result "1-0"]
[WhiteTitle "IM"]
[BlackTitle "IM"]
[WhiteElo "2384"]
[BlackElo "2300"]
[WhiteFideId "5012600"]
[BlackFideId "13301314"]
[EventDate "2017.12.29"]

1. Nf3 Nf6 2. c4 b6 3. g3 Bb7 4. Bg2 c5 5. O-O g6 6. Nc3 Bg7 7. d4 cxd4 8. Qxd4
O-O 9. Qh4 d6 10. Bg5 Nbd7 11. Rac1 Rc8 12. Rfd1 Re8 13. b3 a6 14. Bh3 Rc7 15.
Bh6 Bh8 16. Ng5 Nf8 17. f3 Bc8 18. Bxc8 Qxc8 19. Bxf8 Rxf8 20. Nd5 Rb7 21. Nxf6+ 1-0

[Event "World Blitz Women 2017"]
[Site "Riyadh KSA"]
[Date "2017.12.30"]
[Round "12.45"]
[White "Kovanova, Baira"]
[Black "Fierro Baquero, Martha L."]
[Result "1-0"]
[WhiteTitle "WGM"]
[BlackTitle "IM"]
[WhiteElo "2367"]
[BlackElo "2369"]
[WhiteFideId "4164083"]
[BlackFideId "3600270"]
[EventDate "2017.12.29"]

1. d4 g6 2. e4 Bg7 3. Nc3 c6 4. Be3 d6 5. Bd3 Nf6 6. Qd2 Ng4 7. Nf3 Nxe3 8. Qxe3
Bg4 9. Ne2 Qb6 10. O-O-O Na6 11. c3 h5 12. h3 Bh6 13. Ng5 Bxe2 14. Bxe2 f6 15.
h4 Qa5 16. f4 fxg5 17. hxg5 Bg7 18. Kb1 O-O-O 19. Qh3+ Kb8 20. Qe6 Qc7 21. Qxg6
e5 22. dxe5 dxe5 23. Bxa6 bxa6 24. f5 Rxd1+ 25. Rxd1 h4 26. f6 Bf8 27. Qe8+ Kb7
28. Rd7 Rg8 29. Rxc7+ Kxc7 30. Qf7+ 1-0

[Event "World Blitz Women 2017"]
[Site "Riyadh KSA"]
[Date "2017.12.30"]
[Round "13.1"]
[White "Cramling, Pia"]
[Black "Tan, Zhongyi"]
[Result "0-1"]
[WhiteTitle "GM"]
[BlackTitle "GM"]
[WhiteElo "2450"]
[BlackElo "2517"]
[WhiteFideId "1700030"]
[BlackFideId "8603642"]
[EventDate "2017.12.29"]

1. Nf3 Nf6 2. c4 e6 3. g3 d5 4. d4 dxc4 5. Qa4+ c6 6. Qxc4 b5 7. Qc2 Bb7 8. Bg2
Nbd7 9. a4 b4 10. O-O c5 11. Bg5 Rc8 12. dxc5 Bxc5 13. Qd3 O-O 14. Nbd2 h6 15.
Bxf6 Nxf6 16. Qxd8 Rfxd8 17. Rfd1 Ng4 18. e3 Bxe3 19. fxe3 Nxe3 20. Rdc1 Rxc1+
21. Rxc1 Nxg2 22. Rc7 Ba8 23. Rxa7 Ne3 24. b3 Ng4 25. h3 Nf6 26. Ne5 Nh5 27.
Ndc4 Nxg3 28. Nxf7 Rd1+ 29. Kf2 Ne4+ 30. Ke3 Bd5 31. Nce5 Rf1 32. Rc7 g5 33. a5
Nc3 34. a6 Re1+ 35. Kf2 Re2+ 36. Kf1 Ra2 37. a7 Nb5 38. Rc8+ Kg7 39. Rb8 Nxa7
40. Rxb4 Bg2+ 41. Ke1 Nc6 42. Nxc6 Bxc6 43. Ne5 Bd5 44. Rb6 Rh2 45. b4 Rxh3 46.
b5 Re3+ 0-1

[Event "World Blitz Women 2017"]
[Site "Riyadh KSA"]
[Date "2017.12.30"]
[Round "13.2"]
[White "Michna, Marta"]
[Black "Gunina, Valentina"]
[Result "1-0"]
[WhiteTitle "WGM"]
[BlackTitle "GM"]
[WhiteElo "2377"]
[BlackElo "2510"]
[WhiteFideId "1106686"]
[BlackFideId "4167570"]
[EventDate "2017.12.29"]

1. Nf3 Nf6 2. d3 d5 3. Nbd2 c6 4. e4 Bg4 5. Be2 e6 6. O-O Be7 7. c3 O-O 8. a4 a5
9. Qc2 Qc7 10. h3 Bh5 11. Re1 Nbd7 12. Bf1 Bd6 13. g3 dxe4 14. dxe4 Bc5 15. Kg2
Rfd8 16. Be2 Ba7 17. Bf1 Nc5 18. b4 Ncd7 19. Bb2 Nf8 20. Nc4 Ng6 21. Rad1 Rxd1
22. Rxd1 axb4 23. cxb4 b5 24. Bxf6 gxf6 25. axb5 cxb5 26. Ne3 Qb7 27. Be2 Rc8
28. Qb2 Qxe4 29. Qxf6 Bxe3 30. Rd8+ Rxd8 31. Qxd8+ Kg7 32. fxe3 Bxf3+ 33. Bxf3
Qxe3 34. Qd6 Ne5 35. Bb7 Qe2+ 36. Kg1 Qe3+ 37. Kg2 h5 38. Qc5 Qe2+ 39. Kg1 Nd3
40. Qg5+ Kh7 41. Qf6 Qe3+ 42. Kg2 Ne5 43. Qf4 Qxf4 44. gxf4 Nd3 45. Be4+ 1-0

[Event "World Blitz Women 2017"]
[Site "Riyadh KSA"]
[Date "2017.12.30"]
[Round "13.3"]
[White "Bodnaruk, Anastasia"]
[Black "Dzagnidze, Nana"]
[Result "0-1"]
[WhiteTitle "IM"]
[BlackTitle "GM"]
[WhiteElo "2428"]
[BlackElo "2522"]
[WhiteFideId "4181751"]
[BlackFideId "13601903"]
[EventDate "2017.12.29"]

1. e4 c5 2. Nf3 e6 3. Nc3 a6 4. g3 Nc6 5. d4 cxd4 6. Nxd4 Qc7 7. Bg2 Nf6 8. O-O
Bc5 9. Nb3 Be7 10. f4 d6 11. Be3 O-O 12. g4 h6 13. g5 hxg5 14. fxg5 Nh7 15. Qh5
Ne5 16. Rae1 g6 17. Qh4 Qd8 18. Rd1 Bxg5 19. Bxg5 Qxg5 20. Qxg5 Nxg5 21. Rxd6
Bd7 22. h4 Nh7 23. Nd2 Bc6 24. Kf2 Rad8 25. Rxd8 Rxd8 26. Ke2 f5 27. Rf2 Ng4 28.
Rf1 Nhf6 29. Bh1 Nh5 30. Rg1 Nf4+ 31. Ke1 Nh3 32. Rg3 Nf4 33. Nf1 Kf7 34. Bf3
Ne5 35. Bh1 Kf6 36. Ne3 Rh8 37. Ng2 Nxg2+ 38. Bxg2 Rxh4 39. exf5 gxf5 40. Bxc6
Nxc6 41. a3 Rh1+ 42. Kd2 Rh2+ 43. Kd1 f4 44. Rg8 e5 45. Ne4+ Ke6 46. Nc5+ Kd5
47. b4 Nd4 48. c3 Nf5 49. Rf8 Ne3+ 50. Ke1 Kc4 51. Nd7 Ng4 52. Rc8+ Kd3 53. Nc5+
Ke3 54. Kd1 f3 55. Rf8 f2 56. Rf5 Rh1+ 57. Kc2 f1=Q 0-1

[Event "World Blitz Women 2017"]
[Site "Riyadh KSA"]
[Date "2017.12.30"]
[Round "13.4"]
[White "Lagno, Kateryna"]
[Black "Krush, Irina"]
[Result "1/2-1/2"]
[WhiteTitle "GM"]
[BlackTitle "GM"]
[WhiteElo "2547"]
[BlackElo "2431"]
[WhiteFideId "14109336"]
[BlackFideId "2012782"]
[EventDate "2017.12.29"]

1. e4 c5 2. Nf3 e6 3. d4 cxd4 4. Nxd4 Nc6 5. Nc3 Qc7 6. Be2 a6 7. O-O Nf6 8. Be3
Be7 9. f4 d6 10. Qe1 O-O 11. Qg3 Nxd4 12. Bxd4 b5 13. a3 Bb7 14. Kh1 Bc6 15.
Rae1 Rad8 16. Bd3 Qd7 17. Bb6 Rb8 18. Be3 Rbd8 19. f5 Kh8 20. Qh3 e5 21. Rd1 a5
22. b4 axb4 23. axb4 Qb7 24. Bg5 Ra8 25. Bxf6 Bxf6 26. Ra1 Rxa1 27. Rxa1 Ra8 28.
Rxa8+ Qxa8 29. Qf3 Qa1+ 30. Nd1 d5 31. exd5 Bxd5 32. Qf1 Bc6 33. Ne3 Qd4 34.
Bxb5 Bxb5 35. Qxb5 h6 36. Qe2 Qxb4 37. h3 e4 38. Nd5 Qb1+ 39. Kh2 Be5+ 40. g3
Bd6 41. Qxe4 Qd1 42. Nf4 Qd2+ 43. Ng2 Qc3 44. Qd3 Qc7 45. h4 h5 46. Kh3 f6 47.
c4 Kh7 48. Ne3 Bxg3 49. Nd5 Qe5 50. Qxg3 Qxf5+ 51. Kh2 Qc2+ 52. Kh3 Qxc4 53. Nf4
Qc8+ 54. Kh2 Qc2+ 55. Ng2 Qe4 56. Qf2 Qe5+ 57. Kh3 Qe6+ 58. Kg3 Qe5+ 59. Kh3
Qe6+ 60. Kh2 Qe5+ 61. Kg1 Qa1+ 62. Ne1 Qe5 63. Kg2 Qe4+ 64. Nf3 Qg4+ 65. Kf1
Qc4+ 66. Kg1 Qg4+ 67. Kh1 Qh3+ 68. Nh2 Qd3 69. Kg2 Qe4+ 70. Nf3 Qg4+ 71. Kf1
Qc4+ 72. Qe2 Qxe2+ 73. Kxe2 g5 74. hxg5 fxg5 75. Nxg5+ 1/2-1/2

[Event "World Blitz Women 2017"]
[Site "Riyadh KSA"]
[Date "2017.12.30"]
[Round "13.6"]
[White "Ju, Wenjun"]
[Black "Abdumalik, Zhansaya"]
[Result "1-0"]
[WhiteTitle "GM"]
[BlackTitle "IM"]
[WhiteElo "2567"]
[BlackElo "2449"]
[WhiteFideId "8603006"]
[BlackFideId "13703544"]
[EventDate "2017.12.29"]

1. d4 Nf6 2. Nf3 g6 3. c4 d6 4. Nc3 Bf5 5. g3 Bg7 6. Nh4 Bd7 7. Bg2 Qc8 8. O-O
Bh3 9. e4 O-O 10. f4 Bxg2 11. Kxg2 c5 12. d5 Nbd7 13. h3 a6 14. a4 Rb8 15. Qe2
Qc7 16. Nf3 Ne8 17. Re1 f6 18. h4 Qd8 19. h5 Nc7 20. hxg6 h6 21. Nh4 e6 22. Rh1
b5 23. axb5 axb5 24. dxe6 Nxe6 25. cxb5 Nd4 26. Qc4+ Kh8 27. Be3 Nb6 28. Qd3 f5
29. Bxd4 cxd4 30. Nxf5 Rxf5 31. exf5 dxc3 32. bxc3 d5 33. Ra7 Nc4 34. Rxh6+ Kg8
35. Rh7 Bf6 36. Qe2 Rb6 37. Qh5 Ne3+ 38. Kh3 Bxc3 39. Rh8+ Bxh8 40. Qh7+ 1-0

[Event "World Blitz Women 2017"]
[Site "Riyadh KSA"]
[Date "2017.12.30"]
[Round "13.7"]
[White "Lei, Tingjie"]
[Black "Skripchenko, Almira"]
[Result "1/2-1/2"]
[WhiteTitle "GM"]
[BlackTitle "IM"]
[WhiteElo "2528"]
[BlackElo "2403"]
[WhiteFideId "8605114"]
[BlackFideId "13900145"]
[EventDate "2017.12.29"]

1. d4 d6 2. Nf3 g6 3. g3 Bg7 4. Bg2 Nd7 5. O-O e5 6. c4 Ne7 7. Nc3 O-O 8. e3 h5
9. Rb1 Nf5 10. b4 Re8 11. Bb2 exd4 12. exd4 Nf6 13. Re1 Rxe1+ 14. Qxe1 Ne7 15.
Rd1 a5 16. a3 axb4 17. axb4 Bf5 18. d5 Bg4 19. h3 Bxf3 20. Bxf3 Nd7 21. Qd2 Nf5
22. Bg2 Ne5 23. Qe2 Qf8 24. Kh2 Re8 25. Qf1 Nd7 26. Qd3 Ne5 27. Qf1 Nd7 28. Ba1
Ra8 29. Bb2 Re8 30. Re1 Rxe1 31. Qxe1 Ne5 32. Qe2 Nd4 33. Qf1 Ndf3+ 34. Bxf3
Nxf3+ 35. Kg2 Ne5 36. f4 Nd7 37. Qe2 Qa8 38. Qe7 Qc8 39. Qe2 Nb6 40. c5 Nd7 41.
Ne4 Bxb2 42. Qxb2 Qe8 43. Kf3 Qa8 44. c6 bxc6 45. g4 cxd5 46. Ng5 d4+ 47. Kg3
Qe8 48. Qxd4 Qe1+ 49. Kg2 Qe2+ 50. Kg3 Qe1+ 51. Kg2 h4 52. Qc4 Qe7 53. Kf2 Nb6
54. Qb3 Qd7 55. Ne4 Qc6 56. Nf6+ Kf8 57. Qe3 Nd5 58. Qd4 Nxf6 1/2-1/2

[Event "World Blitz Women 2017"]
[Site "Riyadh KSA"]
[Date "2017.12.30"]
[Round "13.8"]
[White "Mammadzada, Gunay"]
[Black "Ushenina, Anna"]
[Result "1-0"]
[WhiteTitle "WGM"]
[BlackTitle "GM"]
[WhiteElo "2333"]
[BlackElo "2416"]
[WhiteFideId "13403729"]
[BlackFideId "14110911"]
[EventDate "2017.12.29"]

1. e4 c5 2. Nf3 e6 3. d4 cxd4 4. Nxd4 Nc6 5. Nc3 Qc7 6. Be3 Nf6 7. f4 Bb4 8. Nb5
Qa5 9. e5 Nd5 10. Bd2 Nxc3 11. Bxc3 O-O 12. Qd2 f6 13. exf6 Rxf6 14. g3 d5 15.
a3 Bxc3 16. Nxc3 a6 17. O-O-O Bd7 18. Bh3 Rd8 19. Rhe1 b5 20. Kb1 b4 21. axb4
Qxb4 22. Nxd5 exd5 23. Qxd5+ Kf8 24. Bxd7 Ne7 25. Qd4 Qb7 26. Qa4 Rb8 27. b3 Nd5
28. Rd3 Rb6 29. Qa3+ Kg8 30. Be6+ Rxe6 31. Rxe6 Nb4 32. Rd2 Qc7 33. Qb2 Qc5 34.
Red6 Qg1+ 35. Rd1 Qxh2 36. Rd8+ Rxd8 37. Rxd8+ Kf7 38. Rd1 Qxg3 39. Qd4 a5 40.
Qd7+ Kg6 41. Rd6+ Kh5 42. Qf5+ Kh4 43. Rd1 Qf3 44. Rc1 Qh5 45. Rh1+ Kg3 46. Qxh5 1-0

[Event "World Blitz Women 2017"]
[Site "Riyadh KSA"]
[Date "2017.12.30"]
[Round "13.9"]
[White "Gaponenko, Inna"]
[Black "Nechaeva, Marina"]
[Result "0-1"]
[WhiteTitle "IM"]
[BlackTitle "IM"]
[WhiteElo "2435"]
[BlackElo "2424"]
[WhiteFideId "14101181"]
[BlackFideId "4149351"]
[EventDate "2017.12.29"]

1. e4 c6 2. d4 d5 3. exd5 cxd5 4. c4 e6 5. Nc3 Nf6 6. Nf3 Bb4 7. cxd5 Nxd5 8.
Bd2 Nc6 9. Bd3 Be7 10. O-O O-O 11. a3 Bf6 12. Qe2 g6 13. Bh6 Re8 14. Rad1 Bd7
15. Be4 Nxc3 16. bxc3 Qa5 17. Qb2 Qc7 18. Rfe1 Rac8 19. c4 b6 20. Rc1 Red8 21.
Bxc6 Bxc6 22. Ne5 Bb7 23. Qc3 Qd6 24. Be3 Bg7 25. f4 Ba8 26. Qb2 Qc7 27. Qf2 Qb7
28. h4 h5 29. Kh2 Qe7 30. Kg1 Bf6 31. g3 Qb7 32. Kh2 Bg7 33. Rc2 Qe7 34. Rc3 Rc7
35. Nf3 Bxf3 36. Qxf3 Bxd4 37. Bxd4 Rxd4 38. Re2 Rdxc4 39. Rce3 Rc2 40. Re5
Rxe2+ 41. Rxe2 Qc5 42. Rd2 Qc3 43. Rd3 Qb2+ 44. Kh3 Rc2 45. Qh1 Qb5 46. Rd8+ Kh7
47. Qa1 Qf5+ 0-1

[Event "World Blitz Women 2017"]
[Site "Riyadh KSA"]
[Date "2017.12.30"]
[Round "13.10"]
[White "Berend, Elvira"]
[Black "Paehtz, Elisabeth"]
[Result "1-0"]
[WhiteTitle "WGM"]
[BlackTitle "IM"]
[WhiteElo "2303"]
[BlackElo "2464"]
[WhiteFideId "4000510"]
[BlackFideId "4641833"]
[EventDate "2017.12.29"]

1. d4 d6 2. Nf3 g6 3. g3 Bg7 4. Bg2 Nf6 5. O-O O-O 6. Nc3 d5 7. Bf4 c6 8. Re1
Bf5 9. a4 Na6 10. Ne5 Nh5 11. Bc1 Nb4 12. Nd3 Nxd3 13. exd3 Qd7 14. Bg5 Rae8 15.
Be3 e5 16. Ne2 Bg4 17. dxe5 Bxe5 18. d4 Bg7 19. Qd2 Nf6 20. f3 Be6 21. c3 h5 22.
Bh6 Bf5 23. Bxg7 Kxg7 24. Nf4 Qd6 25. Rxe8 Rxe8 26. Re1 Re7 27. Rxe7 Qxe7 28.
Ne2 Ne8 29. h3 Nd6 30. b3 Bd7 31. Kf2 a5 32. Qf4 f6 33. Qd2 b5 34. axb5 cxb5 35.
Nf4 Qf7 36. Nd3 a4 37. bxa4 bxa4 38. Nc5 Nc4 39. Qc1 Qe7 40. Bf1 Nd6 41. Qa3 Nf5
42. Qc1 h4 43. g4 Ng3 44. Bd3 Bc6 45. Qb2 Qc7 46. Ne6+ 1-0

[Event "World Blitz Women 2017"]
[Site "Riyadh KSA"]
[Date "2017.12.30"]
[Round "13.11"]
[White "Goryachkina, Aleksandra"]
[Black "Padmini, Rout"]
[Result "0-1"]
[WhiteTitle "WGM"]
[BlackTitle "IM"]
[WhiteElo "2486"]
[BlackElo "2324"]
[WhiteFideId "4147103"]
[BlackFideId "5029295"]
[EventDate "2017.12.29"]

1. e4 c5 2. Nf3 e6 3. c3 Nf6 4. e5 Nd5 5. Bc4 d6 6. d4 cxd4 7. cxd4 Be7 8. O-O
O-O 9. Bd2 b6 10. Bxd5 exd5 11. Nc3 Be6 12. Re1 Nc6 13. h3 dxe5 14. dxe5 d4 15.
Ne4 Qd5 16. Bf4 Rad8 17. a3 Bf5 18. Ng3 Bc8 19. Qd3 a5 20. Rad1 Rfe8 21. Bg5 h6
22. Bf4 Bf8 23. Nh5 Qe6 24. Rc1 Bb7 25. Ng3 Ne7 26. Ne4 Ng6 27. Bh2 Qd5 28. Bg3
Bc5 29. h4 Re6 30. h5 Nf8 31. Nh2 f5 32. exf6 Rxe4 33. Nf3 gxf6 34. Rxe4 Qxe4
35. Qd2 Qg4 36. Qxh6 d3 37. Kh2 d2 38. Nxd2 Rd3 39. Re1 Rd5 40. Kg1 Rxh5 0-1

[Event "World Blitz Women 2017"]
[Site "Riyadh KSA"]
[Date "2017.12.30"]
[Round "13.12"]
[White "Khotenashvili, Bela"]
[Black "Charochkina, Daria"]
[Result "1-0"]
[WhiteTitle "GM"]
[BlackTitle "IM"]
[WhiteElo "2476"]
[BlackElo "2317"]
[WhiteFideId "13602640"]
[BlackFideId "4180917"]
[EventDate "2017.12.29"]

1. d4 d5 2. c4 c6 3. Nf3 Nf6 4. Nc3 e6 5. Bg5 Nbd7 6. e3 h6 7. Bh4 g5 8. Bg3 Nh5
9. Qc2 Nxg3 10. hxg3 Bg7 11. O-O-O a6 12. Kb1 dxc4 13. Bxc4 b5 14. Be2 Bb7 15.
e4 Qc7 16. e5 c5 17. Ne4 Bxe4 18. Qxe4 Rc8 19. d5 exd5 20. Rxd5 Qc6 21. Bd3 Nb6
22. Rd6 Qxe4 23. Bxe4 Rb8 24. Rc6 c4 25. Rd1 Bf8 26. e6 fxe6 27. Rxe6+ Kf7 28.
Bf5 Kg8 29. Ne5 Bg7 30. Nc6 Rf8 31. Ne7+ Kf7 32. Rde1 Nc8 33. Bg6# 1-0

[Event "World Blitz Women 2017"]
[Site "Riyadh KSA"]
[Date "2017.12.30"]
[Round "13.13"]
[White "Javakhishvili, Lela"]
[Black "Zawadzka, Jolanta"]
[Result "1-0"]
[WhiteTitle "IM"]
[BlackTitle "WGM"]
[WhiteElo "2449"]
[BlackElo "2424"]
[WhiteFideId "13601458"]
[BlackFideId "1122320"]
[EventDate "2017.12.29"]

1. d4 d5 2. c4 e6 3. Nf3 c6 4. Qc2 dxc4 5. Qxc4 b5 6. Qc2 Bb7 7. Bg5 Be7 8. Bxe7
Nxe7 9. e3 O-O 10. Nbd2 Nd7 11. Bd3 h6 12. O-O Rc8 13. b4 Qc7 14. Ne4 f5 15. Nc5
Nxc5 16. Qxc5 a6 17. Bc2 Rcd8 18. Bb3 Nd5 19. Ne5 Qd6 20. Bxd5 exd5 21. Rac1 Rf6
22. f4 Qxc5 23. Rxc5 Kh7 24. Rfc1 Rdd6 25. a4 g5 26. axb5 axb5 27. Ra1 Rfe6 28.
Ra7 Re7 29. Nxc6 Rxe3 30. Rxb7+ Kg6 31. Ne5+ Kh5 32. fxg5 Rb3 33. g6 Ra6 34. Rc1
Rb2 35. g7 Ra8 36. Rf1 Kg5 37. Rf7 f4 38. Rf8 1-0